| 000 | 01756nam a2200241 a 4500 | ||
|---|---|---|---|
| 001 | BRCA_8924 | ||
| 005 | 20190320210447.0 | ||
| 008 | 280617s1780----sp-#######---#000-0#spa-# | ||
| 041 | _aspa | ||
| 044 | _asp | ||
| 084 |
_aLE9 _b.P47 1780 |
||
| 100 | 1 |
_aPerez, Francisco Antonio _922184 |
|
| 245 | 1 | 0 |
_aElogios históricos de los santos, con los misterios de nuestro Señor Jesu-Christo, y festividades de la santísima virgen, para todo el año _ctraducido del francés por D. Francisco Antonio Pérez, Presbítero ; Tomo IV. |
| 260 |
_aValencia _ben la Oficina de Joseph y Thomas de Orga _c1780 |
||
| 300 |
_a395 p. _c21.7 x 14.7 cm |
||
| 500 | _aCon las licencias necesarias | ||
| 500 | _aEstado físico: presenta encuadernación en pergamino con lomo semi desprendido | ||
| 500 | _aCon marca de fuego: “Procedencia de la marca: Colegio de la Santa Cruz de Querétaro(1)(2). Institución: Congregación de Propaganda Fide Descripción: Monograma ´SATO´ que se desata como San Antonio. Le sigue la abreviatura: ´Q´ de Querétaro. Corona el monograma y la inicial la palabra ´posto´ que podría hacer referencia a ´Apostólico´. Observaciones: Esta marca no se localiza en los catálogos impresos anteriores. La primera imagen de la marca de fuego corresponde al libro modelo ya que está más clara y definida. Sin embargo, el testimonio de pertenencia y la segunda imagen de la marca de fuego, pertenece al segundo ejemplar. Ubicación de la marca en el libro: Canto superior y frontal.” | ||
| 650 | 1 | 4 |
_aSantos _vBibliografía _yObras anteriores a 1800 _922185 |
| 856 | _ahttp://www.marcasdefuego.buap.mx:8180/xmLibris/projects/firebrand/item.jsp?repository=marcas_de_fuego&key=422f0a15.xml&num=17 | ||
| 902 | _aCFM | ||
| 942 |
_2lcc _cB |
||
| 999 |
_c8575 _d8575 |
||